Seleções da CONMEBOL - Statistics

Estatísticas Gerais
  • Esse quiz foi jogado 132 vezes
  • A pontuação média é 10 de 10
Estatísticas das Respostas
Seleção % Correto
Argentina
100%
Bolívia
100%
Brasil
100%
Uruguai
100%
Colômbia
99%
Equador
99%
Peru
99%
Chile
98%
Paraguai
98%
Venezuela
98%
Nenhum quiz correspondente encontrado
Distribuição das Pontuações
Porcentagem de Pessoas com Cada Pontuação
Percentil de Números Respondidos
Sua Pontuação Histórica
Você não jogou esse quiz